Statistics for Ghostbusters Quiz

Click here to take the quiz!

General Stats

  • This quiz has been taken 3,238 times
  • The average score is 12 of 19

Answer Stats

Question Answer % Correct
Who were the actors that played the original four Ghostbusters?Bill Murray
92%
What substance do supernatural beings leave behind?{Ecto}plasm
87%
Quote: When there's something strange in your _________Neighborhood
87%
Who were the actors that played the original four Ghostbusters?Dan Aykroyd
85%
What type of building did the Ghostbusters use as their headquarters?{Fire} Station
85%
Who was the lead actress in the original Ghostbusters?Sigourney Weaver
80%
What gigantic gooey ghost did the Ghostbusters defeat at the end of the first movie?Stay Puft
Marshmallow Man
77%
What messy green poltergeist was the first ghost to be captured by the Ghostbusters?Slimer
67%
Quote: Don't cross the _____Streams
66%
Name one of the four main actresses in the all-female Ghostbusters rebootMelissa McCarthy,
Kristen Wiig,
Leslie Jones,
Kate McKinnon
66%
What statue do the Ghostbusters animate to create good vibes in "Ghostbusters II"?The Statue of Liberty
65%
What bespectacled actor was the fifth Ghostbuster?Rick Moranis
58%
Quote: There is no Dana, only ____Zuul
58%
Who were the actors that played the original four Ghostbusters?Harold Ramis
57%
Who does the keymaster seek?The Gatekeeper
53%
What weapon do the Ghostbusters use?{Proton} Pack
45%
What federal agency wanted to shut the Ghostbusters down?EPA
44%
Who was the villain in the "Ghostbusters II"{Vigo} the Carpathian
38%
Who were the actors that played the original four Ghostbusters?Ernie Hudson
35%

Score Distribution

Percentile by Number Answered

Percent of People with Each Score

Your Score History

You have not taken this quiz